[Event "37. Copenhagen Open (Politiken Cup)"]
[Site "Elsinore"]
[Date "2015.07.28"]
[Round "5"]
[White "Pedersen, Hans Buus"]
[Black "Nahnsen, Kenneth"]
[Result "1-0"]
[WhiteElo "2158"]
[BlackElo "1960"]
[PlyCount "89"]
[EventDate "2015.07.25"]
[EventType "swiss"]
[EventRounds "10"]
[EventCountry "DEN"]
[Source "ChessBase"]
[SourceDate "2015.09.14"]

1. e4 c5 2. c3 Nf6 3. e5 Nd5 4. Nf3 d6 5. d4 cxd4 6. Bc4 Nb6 7. Bb3 Nc6 8. exd6
Qxd6 9. O-O dxc3 10. Qxd6 exd6 11. Nxc3 Be7 12. Nb5 O-O 13. Bf4 Bg4 14. Bxd6
Bxd6 15. Nxd6 Bxf3 16. gxf3 Na5 17. Bc2 Nbc4 18. Nxc4 Nxc4 19. Be4 Nd2 20. Rfd1
Nxe4 21. fxe4 Rfd8 22. Rxd8+ Rxd8 23. Rc1 g5 24. Rc7 Rb8 25. Kg2 a5 26. Rc5 b5
27. Rxg5+ Kf8 28. b3 Rb6 29. Kf3 a4 30. bxa4 bxa4 31. Ra5 Rb4 32. Ke3 Ke7 33.
h4 f5 34. Rxf5 Rb2 35. Rh5 Rxa2 36. Rxh7+ Kf6 37. Rh6+ Kf7 38. Ra6 a3 39. f3
Ra1 40. Kf4 a2 41. h5 Kg7 42. h6+ Kf7 43. Ra7+ Kg8 44. e5 Kh8 45. h7 1-0

[Event "37. Copenhagen Open (Politiken Cup)"]
[Site "Elsinore"]
[Date "2015.07.28"]
[Round "5"]
[White "Pedersen, Lars Foldager"]
[Black "Brondum, Eric"]
[Result "1/2-1/2"]
[WhiteElo "1907"]
[BlackElo "2114"]
[PlyCount "52"]
[EventDate "2015.07.25"]
[EventType "swiss"]
[EventRounds "10"]
[EventCountry "DEN"]
[Source "ChessBase"]
[SourceDate "2015.09.14"]

1. Nf3 g6 2. g3 Bg7 3. Bg2 d6 4. O-O Nf6 5. d3 O-O 6. Nc3 c5 7. e4 Nc6 8. a4 e5
9. Ne1 Nd4 10. Bg5 h6 11. Bd2 Be6 12. h3 Ne8 13. Rb1 Rb8 14. Ne2 Qd7 15. Nxd4
cxd4 16. Kh2 Qxa4 17. Qc1 Kh7 18. Ra1 Qd7 19. Rxa7 Nc7 20. c4 dxc3 21. bxc3 Na6
22. Qb2 Nc5 23. Be3 Rfc8 24. Qa3 Na6 25. Nc2 Bf8 26. Qa5 Qc7 1/2-1/2

[Event "37. Copenhagen Open (Politiken Cup)"]
[Site "Elsinore"]
[Date "2015.07.28"]
[Round "5"]
[White "Percivaldi, Martin"]
[Black "Petersen, Martin Reib"]
[Result "1-0"]
[WhiteElo "2310"]
[BlackElo "2122"]
[PlyCount "197"]
[EventDate "2015.07.25"]
[EventType "swiss"]
[EventRounds "10"]
[EventCountry "DEN"]
[Source "ChessBase"]
[SourceDate "2015.09.14"]

1. d4 Nf6 2. Nf3 e6 3. c4 Nc6 4. g3 d5 5. Bg2 dxc4 6. Qa4 Bb4+ 7. Bd2 Nd5 8.
Bxb4 Ndxb4 9. O-O O-O 10. Na3 a6 11. Ne5 Qxd4 12. Nxc6 Nxc6 13. Bxc6 bxc6 14.
Nxc4 c5 15. Qc2 Bb7 16. Rfd1 Qe4 17. Qxe4 Bxe4 18. Rac1 Rfd8 19. Rxd8+ Rxd8 20.
Kf1 Rb8 21. b3 Bd5 22. Nd2 c4 23. e4 Bc6 24. f3 cxb3 25. Rxc6 bxa2 26. Rc1 Kf8
27. Ke2 a5 28. Kd3 a4 29. Kc3 a3 30. Nb3 c5 31. Ra1 c4 32. Kxc4 Rc8+ 33. Nc5
Ke7 34. Rxa2 Kd6 35. Rd2+ Kc6 36. Nb3 Ra8 37. Ra2 Ra4+ 38. Kc3 g5 39. g4 Kd6
40. Nc1 f5 41. Re2 fxg4 42. fxg4 Ke5 43. Nd3+ Kd6 44. Kb3 a2 45. Rxa2 Rxe4 46.
Rg2 Kd5 47. Kc3 Ra4 48. Ne1 Ra3+ 49. Kd2 Ra2+ 50. Nc2 Ke4 51. Rf2 Ra4 52. Rf7
Ke5 53. Rxh7 Rxg4 54. Ke3 Rc4 55. Ne1 Kf5 56. Nf3 Re4+ 57. Kf2 g4 58. Ng1 Ra4
59. Rh5+ Kg6 60. Rb5 Ra3 61. Ne2 Kf6 62. Ng3 Ra2+ 63. Kg1 Ra1+ 64. Nf1 Ra2 65.
Rb4 Kg5 66. Ne3 Ra1+ 67. Kg2 Ra2+ 68. Kg3 Ra3 69. Rxg4+ Kh5 70. Re4 Ra6 71. Nc4
Kg5 72. Ne5 Kf5 73. Re3 Ra5 74. Nf3 e5 75. h4 Rc5 76. Ng5 Rc4 77. Rf3+ Kg6 78.
Nf7 Rc5 79. Nd6 Rd5 80. Ne4 Rd4 81. Re3 Kf5 82. Kf3 Rd1 83. Ng3+ Kf6 84. Kg4
Rd4+ 85. Re4 Rd1 86. Ra4 Rg1 87. Ra6+ Kf7 88. h5 Ke7 89. Rg6 Kf7 90. Kf5 Re1
91. Ne4 Rh1 92. Rg5 Ra1 93. Kxe5 Ra5+ 94. Kf4 Rxg5 95. Kxg5 Kg7 96. h6+ Kh7 97.
Kh5 Kg8 98. Kg6 Kh8 99. Nd6 1-0

[Event "37. Copenhagen Open (Politiken Cup)"]
[Site "Elsinore"]
[Date "2015.07.28"]
[Round "5"]
[White "Perrett, David C"]
[Black "Eriksson, Kristian"]
[Result "1/2-1/2"]
[WhiteElo "1937"]
[BlackElo "2164"]
[PlyCount "35"]
[EventDate "2015.07.25"]
[EventType "swiss"]
[EventRounds "10"]
[EventCountry "DEN"]
[Source "ChessBase"]
[SourceDate "2015.09.14"]

1. d4 Nf6 2. Bg5 Ne4 3. Bf4 e6 4. Nd2 d5 5. e3 Bd6 6. Nxe4 dxe4 7. Qg4 O-O 8.
Bxd6 Qxd6 9. O-O-O f5 10. Qf4 Qc6 11. Ne2 Nd7 12. Nc3 Nf6 13. Bb5 Qb6 14. Bc4
Kh8 15. f3 exf3 16. gxf3 Qc6 17. Bb3 Qd6 18. Qxd6 1/2-1/2

[Event "37. Copenhagen Open (Politiken Cup)"]
[Site "Elsinore"]
[Date "2015.07.28"]
[Round "5"]
[White "Petersen, Tom Petri"]
[Black "Chabanon, Jean Luc"]
[Result "1/2-1/2"]
[WhiteElo "2360"]
[BlackElo "2493"]
[PlyCount "54"]
[EventDate "2015.07.25"]
[EventType "swiss"]
[EventRounds "10"]
[EventCountry "DEN"]
[Source "ChessBase"]
[SourceDate "2015.09.14"]

1. g3 d5 2. Bg2 c6 3. Nf3 Bg4 4. c4 e6 5. O-O Nd7 6. cxd5 exd5 7. d4 Bd6 8. Nc3
Ngf6 9. Qd3 O-O 10. Bf4 Qc7 11. e3 Rae8 12. Rac1 Qb8 13. b4 a6 14. a4 Bxf3 15.
Bxf3 Bxf4 16. gxf4 Qd6 17. b5 axb5 18. axb5 Ne4 19. Nxe4 Qg6+ 20. Bg2 dxe4 21.
Qc4 Re6 22. bxc6 bxc6 23. Qa6 f5 24. Qb7 Rf7 25. d5 cxd5 26. Rc8+ Nf8 27. Qxd5
Rd6 1/2-1/2

[Event "37. Copenhagen Open (Politiken Cup)"]
[Site "Elsinore"]
[Date "2015.07.28"]
[Round "5"]
[White "Petersson, Baldur Teodor"]
[Black "Molvig, Henrik"]
[Result "1/2-1/2"]
[WhiteElo "1988"]
[BlackElo "2157"]
[PlyCount "20"]
[EventDate "2015.07.25"]
[EventType "swiss"]
[EventRounds "10"]
[EventCountry "DEN"]
[Source "ChessBase"]
[SourceDate "2015.09.14"]

1. e4 c5 2. Nc3 d6 3. g3 Nc6 4. Bg2 g6 5. d3 Bg7 6. f4 e6 7. Nf3 Nge7 8. O-O
O-O 9. Be3 b6 10. Qd2 Bb7 1/2-1/2

[Event "37. Copenhagen Open (Politiken Cup)"]
[Site "Elsinore"]
[Date "2015.07.28"]
[Round "5"]
[White "Poulsen, Iver"]
[Black "Rydstrom, Tom"]
[Result "1/2-1/2"]
[WhiteElo "2119"]
[BlackElo "2346"]
[PlyCount "95"]
[EventDate "2015.07.25"]
[EventType "swiss"]
[EventRounds "10"]
[EventCountry "DEN"]
[Source "ChessBase"]
[SourceDate "2015.09.14"]

1. c4 e5 2. Nc3 Nf6 3. g3 d5 4. cxd5 Nxd5 5. Nf3 Nc6 6. Bg2 Nb6 7. O-O Be7 8.
a4 a5 9. d3 Be6 10. Be3 Nd5 11. Bd2 f6 12. Nxd5 Bxd5 13. Bc3 g5 14. e4 Bf7 15.
Bh3 h5 16. Bf5 Bc5 17. Qd2 Qd6 18. Rfd1 Bb3 19. Rdc1 b6 20. Qe2 Rd8 21. d4 exd4
22. Bxd4 Nxd4 23. Nxd4 Qxd4 24. Qb5+ Kf8 25. Rxc5 Qxc5 26. Qxb3 Rd2 27. Rf1 Kg7
28. h4 gxh4 29. gxh4 Qe5 30. Kh1 Kf8 31. Qa3+ Qd6 32. Qc3 Rd1 33. Rxd1 Qxd1+
34. Kh2 Qd6+ 35. Kg2 Rg8+ 36. Kh3 Rg1 37. f4 Rd1 38. e5 fxe5 39. fxe5 Qd4 40.
Qf3 Ke7 41. Be4 Qd7+ 42. Bf5 Qd2 43. Be4 Qd7+ 44. Bf5 Qd5 45. Be4 Qe6+ 46. Bf5
Qd5 47. Be4 Qd7+ 48. Bf5 1/2-1/2

[Event "37. Copenhagen Open (Politiken Cup)"]
[Site "Elsinore"]
[Date "2015.07.28"]
[Round "5"]
[White "Quinn, David"]
[Black "Ivarsson, Torbjorn"]
[Result "0-1"]
[WhiteElo "1947"]
[BlackElo "2100"]
[PlyCount "84"]
[EventDate "2015.07.25"]
[EventType "swiss"]
[EventRounds "10"]
[EventCountry "DEN"]
[Source "ChessBase"]
[SourceDate "2015.09.14"]

1. d4 Nf6 2. c4 e6 3. Nf3 b6 4. Bf4 Bb7 5. e3 d6 6. Nc3 Nh5 7. Bg5 Be7 8. Bxe7
Qxe7 9. d5 e5 10. e4 O-O 11. g3 Nd7 12. Bg2 Bc8 13. O-O g6 14. Ne1 a6 15. b4 a5
16. a3 Ba6 17. Nb5 Bxb5 18. cxb5 axb4 19. axb4 Rxa1 20. Qxa1 f5 21. Qc1 Ndf6
22. exf5 gxf5 23. Qg5+ Ng7 24. Nd3 e4 25. Nb2 Nxd5 26. Qd2 Nf6 27. Rc1 Kh8 28.
Nc4 Ng4 29. Qc3 Qf6 30. Qxf6 Nxf6 31. Ne3 Nfe8 32. f3 exf3 33. Bxf3 f4 34. gxf4
Rxf4 35. Bc6 Nf6 36. Ra1 Ne6 37. Re1 Nd4 38. Ng2 Nf3+ 39. Bxf3 Rxf3 40. Re7 Nd5
41. Re8+ Kg7 42. Nh4 Rf4 0-1

[Event "37. Copenhagen Open (Politiken Cup)"]
[Site "Elsinore"]
[Date "2015.07.28"]
[Round "5"]
[White "Ramsdal, Jens Albert"]
[Black "Tan, Justin2"]
[Result "1/2-1/2"]
[WhiteElo "2169"]
[BlackElo "2417"]
[PlyCount "109"]
[EventDate "2015.07.25"]
[EventType "swiss"]
[EventRounds "10"]
[EventCountry "DEN"]
[Source "ChessBase"]
[SourceDate "2015.09.14"]

1. e4 c5 2. Nf3 e6 3. d4 cxd4 4. Nxd4 Nc6 5. Nc3 Qc7 6. Be3 a6 7. Be2 Nf6 8.
O-O Bb4 9. Na4 Be7 10. Nxc6 bxc6 11. Nb6 Rb8 12. Nxc8 Qxc8 13. Bd4 Qc7 14. e5
Nd5 15. c4 Nf4 16. Bf3 O-O 17. Re1 Ng6 18. Qd2 f6 19. exf6 Bxf6 20. Rad1 Rb7
21. b3 Nf4 22. Bxf6 Rxf6 23. g3 Ng6 24. Be4 Nf8 25. Qd6 Qa5 26. Bb1 Qh5 27. Qe5
Qh3 28. Qe4 d5 29. cxd5 cxd5 30. Qg2 Qh5 31. f4 Rd7 32. f5 d4 33. fxe6 Nxe6 34.
Bd3 Kh8 35. Bc4 Rd8 36. Qe2 Qxe2 37. Rxe2 Nf8 38. Re5 Rc6 39. Rd5 Rxd5 40. Bxd5
Rc3 41. Rxd4 Rc1+ 42. Kf2 Rc2+ 43. Ke3 Rxa2 44. Bc4 g6 45. Rd8 Kg7 46. Ra8 h5
47. h4 a5 48. Ra7+ Kh6 49. Bg8 g5 50. Rf7 gxh4 51. gxh4 Ne6 52. Rf6+ Kg7 53.
Rxe6 Kxg8 54. Kf4 a4 55. bxa4 1/2-1/2

[Event "37. Copenhagen Open (Politiken Cup)"]
[Site "Elsinore"]
[Date "2015.07.28"]
[Round "5"]
[White "Rasmussen, Henning1"]
[Black "Christensen, Bo Garner"]
[Result "0-1"]
[WhiteElo "1817"]
[BlackElo "2215"]
[PlyCount "69"]
[EventDate "2015.07.25"]
[EventType "swiss"]
[EventRounds "10"]
[EventCountry "DEN"]
[Source "ChessBase"]
[SourceDate "2015.09.14"]

1. Nf3 f5 2. e4 fxe4 3. Ng5 Nf6 4. d3 d5 5. dxe4 h6 6. Nf3 dxe4 7. Qxd8+ Kxd8
8. Ne5 Be6 9. Nc3 g5 10. Ng6 Rg8 11. Nxf8 Rxf8 12. Be3 Nbd7 13. O-O-O c6 14.
Be2 Kc7 15. h4 Rg8 16. hxg5 hxg5 17. g3 Raf8 18. a3 Bd5 19. b4 e6 20. Na4 b5
21. Nc5 Rf7 22. Nxd7 Nxd7 23. a4 a6 24. a5 c5 25. c3 Kb7 26. Rh5 cxb4 27. cxb4
Ne5 28. Rdh1 Nc6 29. Bc5 Nxa5 30. bxa5 Rc8 31. Rh7 Rxc5+ 32. Kb2 Rcc7 33. Rxf7
Rxf7 34. Rh2 Kc6 35. Kc3 0-1

[Event "37. Copenhagen Open (Politiken Cup)"]
[Site "Elsinore"]
[Date "2015.07.28"]
[Round "5"]
[White "Rasmussen, Lars"]
[Black "Schou Moldt, Thomas"]
[Result "0-1"]
[WhiteElo "1953"]
[BlackElo "2205"]
[PlyCount "82"]
[EventDate "2015.07.25"]
[EventType "swiss"]
[EventRounds "10"]
[EventCountry "DEN"]
[Source "ChessBase"]
[SourceDate "2015.09.14"]

1. e4 c5 2. Nf3 a6 3. c3 d5 4. exd5 Qxd5 5. d4 Nf6 6. Be2 Bg4 7. O-O e6 8. c4
Qd6 9. dxc5 Qxd1 10. Rxd1 Bxc5 11. Nc3 Nc6 12. Bf4 Nh5 13. Bd6 Bxd6 14. Rxd6
Nf4 15. Bd1 Ke7 16. Rd2 Rhd8 17. Rxd8 Rxd8 18. Nh4 Bxd1 19. Rxd1 Ne2+ 20. Kf1
Nxc3 21. Rxd8 Nxd8 22. bxc3 Kd6 23. Ke2 Kc5 24. Kd3 Nc6 25. Nf3 h6 26. h3 g5
27. g3 f5 28. Nd4 Ne5+ 29. Kc2 Kd6 30. Kb3 Nd3 31. f3 Nf2 32. h4 gxh4 33. gxh4
Nd3 34. a4 a5 35. Kc2 Nc5 36. f4 Nxa4 37. Nf3 Nc5 38. Ne5 Nd7 39. Nd3 e5 40.
c5+ Kd5 41. fxe5 Nxe5 0-1

[Event "37. Copenhagen Open (Politiken Cup)"]
[Site "Elsinore"]
[Date "2015.07.28"]
[Round "5"]
[White "Rendlev, Niels Moller"]
[Black "Ski, Jonathan K"]
[Result "1/2-1/2"]
[WhiteElo "1785"]
[BlackElo "1549"]
[PlyCount "84"]
[EventDate "2015.07.25"]
[EventType "swiss"]
[EventRounds "10"]
[EventCountry "DEN"]
[Source "ChessBase"]
[SourceDate "2015.09.14"]

1. g3 d5 2. f4 Nf6 3. Bg2 c5 4. Nf3 Nc6 5. d3 g6 6. O-O Bg7 7. Nc3 d4 8. Na4
Qd6 9. c4 O-O 10. e4 dxe3 11. Bxe3 b6 12. Nc3 Ng4 13. Bc1 Nd4 14. Ne4 Nxf3+ 15.
Qxf3 Qd4+ 16. Kh1 Rb8 17. h3 Nf6 18. Rb1 Nxe4 19. Qxe4 Qxe4 20. dxe4 Rd8 21. b3
Rb7 22. e5 Rbd7 23. Re1 e6 24. Bb2 Rd2 25. Kg1 Rc2 26. Be4 Rcd2 27. Kf1 Kf8 28.
Re2 R2d7 29. Ke1 Ke7 30. Bc3 a5 31. Rbb2 Ba6 32. Rbd2 Rxd2 33. Rxd2 Rxd2 34.
Kxd2 Kd7 35. a4 Bh6 36. h4 Bc8 37. Ke3 Ba6 38. g4 Bc8 39. Kf3 Ke7 40. h5 Bg7
41. g5 Ba6 42. Kg4 Bc8 1/2-1/2

[Event "37. Copenhagen Open (Politiken Cup)"]
[Site "Elsinore"]
[Date "2015.07.28"]
[Round "5"]
[White "Rewitz, Poul"]
[Black "Rasmussen, Morten Fredsgaard"]
[Result "1-0"]
[WhiteElo "2184"]
[BlackElo "1932"]
[PlyCount "77"]
[EventDate "2015.07.25"]
[EventType "swiss"]
[EventRounds "10"]
[EventCountry "DEN"]
[Source "ChessBase"]
[SourceDate "2015.09.14"]

1. c3 c6 2. d4 d5 3. Bg5 Bf5 4. e3 Nd7 5. Bd3 Bg6 6. f4 Bxd3 7. Qxd3 Qb6 8. Nd2
e6 9. Ngf3 Ngf6 10. O-O Bd6 11. c4 c5 12. Rab1 cxd4 13. exd4 dxc4 14. Nxc4 Qa6
15. Nxd6+ Qxd6 16. Qa3 Qxa3 17. bxa3 b6 18. Ne5 Ne4 19. Rbc1 Nxe5 20. dxe5 Nxg5
21. fxg5 Rd8 22. Rc7 O-O 23. Rxa7 Rd2 24. h4 Rxa2 25. Rf2 Ra1+ 26. Kh2 b5 27.
Rb2 h6 28. gxh6 gxh6 29. Rxb5 Rd8 30. Rb3 Rd2 31. Rg3+ Kf8 32. Rf3 Raa2 33.
Rfxf7+ Kg8 34. Rg7+ Kf8 35. Rg6 Re2 36. Ra5 Red2 37. Ra8+ Kf7 38. Rg3 Re2 39.
Rag8 1-0

[Event "37. Copenhagen Open (Politiken Cup)"]
[Site "Elsinore"]
[Date "2015.07.28"]
[Round "5"]
[White "Rishovd, Svein"]
[Black "Haugland, Rasmus L"]
[Result "1-0"]
[WhiteElo "2094"]
[BlackElo "1884"]
[PlyCount "73"]
[EventDate "2015.07.25"]
[EventType "swiss"]
[EventRounds "10"]
[EventCountry "DEN"]
[Source "ChessBase"]
[SourceDate "2015.09.14"]

1. Nf3 d5 2. g3 Nf6 3. Bg2 Bg4 4. c4 c6 5. Ne5 e6 6. cxd5 exd5 7. Nxg4 Nxg4 8.
e4 Nf6 9. e5 Nfd7 10. O-O Be7 11. d4 O-O 12. Nc3 Na6 13. f4 f5 14. Nxd5 Kh8 15.
Nc3 Nc7 16. Be3 Nb6 17. Qb3 Ncd5 18. Bf2 g5 19. Nxd5 cxd5 20. fxg5 Bxg5 21. Be3
Nc4 22. Bxg5 Qxg5 23. Rf4 Rg8 24. Qd3 Raf8 25. b3 Nb6 26. Raf1 Qg6 27. Rxf5 Rf7
28. Qf3 Rfg7 29. Rf8 Qc2 30. Rxg8+ Rxg8 31. Qf6+ Rg7 32. e6 Nc8 33. Qd8+ Rg8
34. Qxd5 Ne7 35. Qe5+ Rg7 36. Rf8+ Ng8 37. e7 1-0

[Event "37. Copenhagen Open (Politiken Cup)"]
[Site "Elsinore"]
[Date "2015.07.28"]
[Round "5"]
[White "Roder, Peter"]
[Black "Simensen, Vegard"]
[Result "1/2-1/2"]
[WhiteElo "2144"]
[BlackElo "1859"]
[PlyCount "42"]
[EventDate "2015.07.25"]
[EventType "swiss"]
[EventRounds "10"]
[EventCountry "DEN"]
[Source "ChessBase"]
[SourceDate "2015.09.14"]

1. d4 Nf6 2. c4 e6 3. Nc3 Bb4 4. e3 O-O 5. Bd3 d5 6. Nge2 Nbd7 7. a3 Be7 8. b4
a5 9. b5 dxc4 10. Bxc4 e5 11. d5 Nb6 12. Bb3 Bg4 13. f3 Bh5 14. e4 Bc5 15. Qd3
Qd6 16. Na4 Nxa4 17. Bxa4 Qb6 18. Nc3 Bf2+ 19. Ke2 Bd4 20. Be3 Nd7 21. Rab1 Bg6
1/2-1/2

[Event "37. Copenhagen Open (Politiken Cup)"]
[Site "Elsinore"]
[Date "2015.07.28"]
[Round "5"]
[White "Roksvold, Jan"]
[Black "Fjellengen, Bard"]
[Result "1-0"]
[WhiteElo "1927"]
[BlackElo "1749"]
[PlyCount "101"]
[EventDate "2015.07.25"]
[EventType "swiss"]
[EventRounds "10"]
[EventCountry "DEN"]
[Source "ChessBase"]
[SourceDate "2015.09.14"]

1. Nf3 d5 2. d4 Nf6 3. c4 e6 4. g3 Bb4+ 5. Bd2 Bxd2+ 6. Nbxd2 O-O 7. Bg2 c5 8.
cxd5 exd5 9. dxc5 Qa5 10. Qc2 Na6 11. O-O Qxc5 12. Qxc5 Nxc5 13. Rac1 Na6 14.
a3 Bd7 15. e3 Rac8 16. b4 Rxc1 17. Rxc1 Rc8 18. Rxc8+ Bxc8 19. Nd4 Bd7 20. Kf1
Nc7 21. Ke1 b6 22. h3 h6 23. h4 Kf8 24. Ke2 Ke7 25. Kd3 Nb5 26. Nxb5 Bxb5+ 27.
Kd4 Kd6 28. f4 Bc6 29. Bf3 h5 30. Nb1 g6 31. Nc3 a6 32. Bh1 b5 33. Bf3 Bb7 34.
a4 Bc6 35. axb5 axb5 36. Bg2 Nd7 37. Bxd5 f5 38. e4 fxe4 39. Nxe4+ Kc7 40. Bf7
Nf8 41. Nc5 Kd6 42. Nd3 Bd7 43. Ne5 Bf5 44. Be8 Ne6+ 45. Kc3 Nxf4 46. gxf4 g5
47. hxg5 h4 48. Bxb5 h3 49. Bf1 h2 50. Bg2 Bh3 51. Bh1 1-0

[Event "37. Copenhagen Open (Politiken Cup)"]
[Site "Elsinore"]
[Date "2015.07.28"]
[Round "5"]
[White "Roksvold, Thore"]
[Black "Lunde, Sigmund"]
[Result "0-1"]
[WhiteElo "1629"]
[BlackElo "1898"]
[PlyCount "92"]
[EventDate "2015.07.25"]
[EventType "swiss"]
[EventRounds "10"]
[EventCountry "DEN"]
[Source "ChessBase"]
[SourceDate "2015.09.14"]

1. e4 c5 2. d4 cxd4 3. c3 dxc3 4. Nxc3 Nc6 5. Nf3 g6 6. Bc4 e6 7. Bf4 a6 8. O-O
Bg7 9. e5 Nge7 10. Qe2 O-O 11. Rfd1 Qc7 12. Rac1 f6 13. exf6 Qxf4 14. fxg7 Kxg7
15. Bb3 d5 16. Qd2 b5 17. Qxf4 Rxf4 18. Ne2 Rf6 19. Ned4 Bd7 20. Nxc6 Nxc6 21.
Nd4 Nxd4 22. Rxd4 Rc8 23. Rxc8 Bxc8 24. f4 Rf7 25. g3 Rc7 26. Rd2 Bb7 27. Rc2
Rxc2 28. Bxc2 Kf6 29. g4 e5 30. f5 Bc8 31. fxg6 hxg6 32. h3 e4 33. Kf2 Ke5 34.
a4 Kf4 35. axb5 axb5 36. b4 g5 37. Bd1 d4 38. Kg2 Bb7 39. Kf2 e3+ 40. Ke1 d3
41. Kf1 e2+ 42. Bxe2 dxe2+ 43. Kxe2 Bg2 44. Kd3 Bxh3 45. Kd4 Bxg4 46. Kc5 Be2
0-1

[Event "37. Copenhagen Open (Politiken Cup)"]
[Site "Elsinore"]
[Date "2015.07.28"]
[Round "5"]
[White "Rolvag, Mikael"]
[Black "Bernhardsson, Sten"]
[Result "1/2-1/2"]
[WhiteElo "2193"]
[BlackElo "2003"]
[PlyCount "61"]
[EventDate "2015.07.25"]
[EventType "swiss"]
[EventRounds "10"]
[EventCountry "DEN"]
[Source "ChessBase"]
[SourceDate "2015.09.14"]

1. d4 d5 2. c4 e6 3. Nf3 Nf6 4. Bg5 Be7 5. Nc3 O-O 6. e3 Nbd7 7. Bd3 dxc4 8.
Bxc4 c5 9. O-O cxd4 10. exd4 Nb6 11. Bb3 Bd7 12. Ne5 Rc8 13. Re1 Nbd5 14. Rc1
Bc6 15. Qe2 Ne4 16. Nxc6 bxc6 17. Nxe4 Bxg5 18. Rcd1 Be7 19. Qc4 Qa5 20. Rc1
Rfd8 21. Red1 Nf4 22. Nc5 Qc7 23. g3 Nd5 24. Qe2 Bf6 25. Ne4 Be7 26. Bc2 Nf6
27. Ng5 Qa5 28. h4 h6 29. Nf3 c5 30. Bb3 Qb6 31. dxc5 1/2-1/2

[Event "37. Copenhagen Open (Politiken Cup)"]
[Site "Elsinore"]
[Date "2015.07.28"]
[Round "5"]
[White "Rossen, Claus"]
[Black "Fabrin, Morten"]
[Result "0-1"]
[WhiteElo "2193"]
[BlackElo "2009"]
[PlyCount "56"]
[EventDate "2015.07.25"]
[EventType "swiss"]
[EventRounds "10"]
[EventCountry "DEN"]
[Source "ChessBase"]
[SourceDate "2015.09.14"]

1. e4 c6 2. d4 d5 3. exd5 cxd5 4. c4 e6 5. Nc3 Nf6 6. Nf3 Nc6 7. c5 Be7 8. Bd3
O-O 9. O-O b6 10. Bb5 Bb7 11. Bxc6 Bxc6 12. Ne5 Rc8 13. Nxc6 Rxc6 14. Qa4 Qd7
15. b4 bxc5 16. dxc5 d4 17. Rd1 e5 18. f4 d3 19. Be3 Ng4 20. b5 Rxc5 21. Bxc5
Bxc5+ 22. Kf1 Ne3+ 23. Ke1 Nxg2+ 24. Kf1 Qh3 25. Qe4 Nxf4+ 26. Ke1 Qxh2 27. Qf3
Ng2+ 28. Kd2 Nh4+ 0-1

[Event "37. Copenhagen Open (Politiken Cup)"]
[Site "Elsinore"]
[Date "2015.07.28"]
[Round "5"]
[White "Salerno, Christian"]
[Black "Molvig, Julius"]
[Result "1-0"]
[WhiteElo "2129"]
[BlackElo "1926"]
[PlyCount "65"]
[EventDate "2015.07.25"]
[EventType "swiss"]
[EventRounds "10"]
[EventCountry "DEN"]
[Source "ChessBase"]
[SourceDate "2015.09.14"]

1. e4 c5 2. Nf3 e6 3. d4 cxd4 4. Nxd4 a6 5. Bd3 Nf6 6. O-O Qc7 7. Qe2 d6 8. c4
Nc6 9. Nxc6 bxc6 10. Nc3 e5 11. b3 g6 12. f3 Bg7 13. Be3 O-O 14. Rfd1 d5 15.
cxd5 cxd5 16. Nxd5 Nxd5 17. exd5 Bb7 18. Rac1 Qd7 19. d6 Rfc8 20. Rxc8+ Rxc8
21. Bxa6 Bxa6 22. Qxa6 Bf8 23. Qa7 Qb5 24. d7 Rd8 25. Qb6 Qe2 26. Qxd8 Qxd1+
27. Kf2 f5 28. Bh6 Qc2+ 29. Kg3 f4+ 30. Kh4 g5+ 31. Qxg5+ Kf7 32. d8=Q Qf2+ 33.
Kh3 1-0

[Event "37. Copenhagen Open (Politiken Cup)"]
[Site "Elsinore"]
[Date "2015.07.28"]
[Round "5"]
[White "Saltvedt, Martin"]
[Black "Ekberg, Jacob"]
[Result "1-0"]
[WhiteElo "1864"]
[BlackElo "1656"]
[PlyCount "57"]
[EventDate "2015.07.25"]
[EventType "swiss"]
[EventRounds "10"]
[EventCountry "DEN"]
[Source "ChessBase"]
[SourceDate "2015.09.14"]

1. d4 Nf6 2. Nf3 e6 3. Bg5 d5 4. e3 Be7 5. Bd3 Nbd7 6. Nbd2 c5 7. c3 Ng4 8. Bf4
Qb6 9. Rb1 Bd6 10. Bg3 cxd4 11. exd4 e5 12. Qe2 O-O 13. Bxh7+ Kh8 14. Nxe5
Ndxe5 15. dxe5 Bd7 16. Bc2 Rfe8 17. O-O Bxe5 18. Qd3 Qh6 19. f4 Bxf4 20. Bxf4
g5 21. Bg3 Re3 22. Qd4+ Kg8 23. Rf3 Rae8 24. Rbf1 Rxf3 25. Rxf3 Re1+ 26. Nf1
Nxh2 27. Bxh2 g4 28. Rf4 Re2 29. Rxg4+ 1-0

[Event "37. Copenhagen Open (Politiken Cup)"]
[Site "Elsinore"]
[Date "2015.07.28"]
[Round "5"]
[White "Sande, Odmund"]
[Black "Heinis, Vincent"]
[Result "0-1"]
[WhiteElo "1898"]
[BlackElo "2094"]
[PlyCount "46"]
[EventDate "2015.07.25"]
[EventType "swiss"]
[EventRounds "10"]
[EventCountry "DEN"]
[Source "ChessBase"]
[SourceDate "2015.09.14"]

1. d4 e6 2. Nf3 Nf6 3. c4 c5 4. d5 exd5 5. cxd5 d6 6. Nc3 g6 7. e4 Bg7 8. Bd3
Bg4 9. Qa4+ Nbd7 10. Nd2 O-O 11. Nc4 a6 12. Qc2 b5 13. Ne3 c4 14. Bf1 Nc5 15.
h3 Bd7 16. Be2 Rc8 17. f3 Nh5 18. O-O Nf4 19. Bxc4 bxc4 20. Nxc4 Ncd3 21. Na3
Nxc1 22. Raxc1 Qg5 23. Kh1 Bxc3 0-1

[Event "37. Copenhagen Open (Politiken Cup)"]
[Site "Elsinore"]
[Date "2015.07.28"]
[Round "5"]
[White "Schadd, Jan"]
[Black "Christiansen, Niels Jorgen"]
[Result "1-0"]
[WhiteElo "1852"]
[BlackElo "1625"]
[PlyCount "69"]
[EventDate "2015.07.25"]
[EventType "swiss"]
[EventRounds "10"]
[EventCountry "DEN"]
[Source "ChessBase"]
[SourceDate "2015.09.14"]

1. Nf3 d5 2. c4 c6 3. d4 Nf6 4. Nc3 Bf5 5. e3 e6 6. Qb3 Qb6 7. c5 Qc7 8. Nh4
Bg6 9. Nxg6 hxg6 10. f4 Be7 11. Be2 Nbd7 12. Bd2 Rb8 13. Qc2 b6 14. cxb6 Nxb6
15. Rc1 Bb4 16. O-O Nc4 17. Bxc4 dxc4 18. Nb1 Bxd2 19. Nxd2 Nd5 20. Nxc4 Rb4
21. Rf3 O-O 22. a3 Rb7 23. b4 Qd7 24. Ne5 Qc7 25. Qxc6 Qxc6 26. Rxc6 Rc7 27.
Rxc7 Nxc7 28. Nc6 f6 29. e4 Kf7 30. Rc3 Nb5 31. Rc5 Nxa3 32. Ra5 Nc2 33. Rxa7+
Kg8 34. b5 e5 35. d5 1-0

[Event "37. Copenhagen Open (Politiken Cup)"]
[Site "Elsinore"]
[Date "2015.07.28"]
[Round "5"]
[White "Schandorff, Lars"]
[Black "Nisipeanu, Liviu Dieter"]
[Result "1/2-1/2"]
[WhiteElo "2520"]
[BlackElo "2654"]
[PlyCount "42"]
[EventDate "2015.07.25"]
[EventType "swiss"]
[EventRounds "10"]
[EventCountry "DEN"]
[Source "ChessBase"]
[SourceDate "2015.09.14"]

1. d4 Nf6 2. c4 e6 3. Nc3 Bb4 4. Qc2 O-O 5. Nf3 d5 6. cxd5 exd5 7. Bg5 h6 8.
Bh4 c5 9. e3 c4 10. Ne5 Nbd7 11. Be2 Qa5 12. Nxd7 Nxd7 13. O-O Re8 14. a3 Bxc3
15. Qxc3 Qxc3 16. bxc3 g5 17. Bg3 Nf6 18. Rfc1 Ne4 19. Bf3 Bd7 20. Bxe4 dxe4
21. Rcb1 Bc6 1/2-1/2